000
00351nam a2200145Ia 4500
008
230718s9999 xx 000 0 und d
041
_a
Eng.
082
_a
34305
_b
BHA-T
100
_a
Bhatti Rai M Zafar
245
4
_a
The Specific Relief Act 1880
260
_a
Pakistan
_b
Irfan Law Publisher
_c
2009
300
_a
197
650
_a
Law
999
_c
28059
_d
28059